000 00575nam a2200241Ia 4500
003 OSt
005 20220924143731.0
006 a|||||r|||| 00| 0
007 ta
008 220923b |||||||| |||| 00| 0 urd d
020 _c40
024 _a309939
037 _cTextual
040 _aARTS
_cARTS
_burd
041 _2urd
_aurd
082 _aO168:gx, M7
100 _aRizwi Irtaza
_9216706
245 0 _aZawiye nazar
260 _c1987
650 _aURDU LITERATURE
942 _hO168:gx, M7
_cTEXL
_2CC
999 _c455570
_d455570